=LDR 00000nam 2200000 4500 =001 INLIS000000000040909 =005 20130612150450 =008 ***********************************ind** =035 ##$$0010-061300000040909 =041 ##$$a ind =082 ##$$a 813 =090 ##$$a 813, Kle s =100 ##$$a Kleypas, Lisa =245 ##$$a Skandal mesum Jemi/ Lisa Kleypas; alih bahasa, Ratih Susanti =260 ##$$a 2009 $b Jakarta =300 ##$$a 404 hlm., 18 cm =650 ##$$a Fiksi =700 ##$$a Susanty, Ratih =850 ##$$a NBPNMAT